[Event "Pan American-ch U20"]
[Site "Guatape"]
[Date "2016.06.22"]
[Round "4"]
[White "Ruiz Castillo, Joshua Daniel"]
[Black "Oliva Meneses, Juan Carlos"]
[Result "1-0"]
[WhiteElo "2399"]
[BlackElo "2216"]
[PlyCount "121"]
[EventDate "2016.06.20"]
[EventType "swiss"]
[EventRounds "9"]
[EventCountry "COL"]
[SourceTitle "EXT 2017"]
[Source "ChessBase"]
[SourceDate "2016.10.25"]
[SourceVersion "1"]
[SourceVersionDate "2016.10.25"]
[SourceQuality "1"]

1. e4 e6 2. d4 d5 3. Nc3 Bb4 4. e5 c5 5. a3 Bxc3+ 6. bxc3 Qa5 7. Bd2 Qa4 8. Qb1 c4 9. h4 Nc6 10. h5 Bd7 11. h6 Nxh6 12. Bxh6 gxh6 13. Ne2 0-0-0 14. Rxh6 Rdg8 15. Rf6 Be8 16. g3 h5 17. Bh3 Kb8 18. Kf1 Rh7 19. Nf4 Qa5 20. Qb2 Rgh8 21. Ne2 Rh6 22. Rxh6 Rxh6 23. Qc1 Rg6 24. Qd2 Qd8 25. Nf4 Qg5 26. Qe3 Rg8 27. Ke2 Ne7 28. Rh1 Ba4 29. Kd2 Nf5 30. Qf3 h4 31. g4 Nh6 32. Rg1 Rc8 33. Qe3 Rg8 34. Ng2 Qg6 35. Ne1 Nf5 36. Qf4 Ne7 37. Qf6 Qxf6 38. exf6 Ng6 39. Ke3 Kc7 40. f4 Kb6 41. g5 Ka5 42. f5 exf5 43. Bxf5 Be8 44. Nf3 Ka4 45. Bxg6 Rxg6 46. Nxh4 Rg8 47. Nf3 Kxa3 48. Ra1+ Kb2 49. Rxa7 Kxc2 50. Rxb7 Kxc3 51. Rb8 Kc2 52. Ne5 c3 53. Nd3 Kd1 54. Ra8 Kc2 55. Nb4+ Kb3 56. Rb8 c2 57. Nd3+ Kc3 58. Rc8+ Kb3 59. Kd2 Rh8 60. Rb8+ Kc4 61. Rb4# 1-0

[Event "Capablanca Memorial op-B 48th"]
[Site "Havana"]
[Date "2013.04.30"]
[Round "9"]
[White "Oliva Meneses, Juan Carlos"]
[Black "Garcia Matos, Richard Alejandro"]
[Result "0-1"]
[WhiteElo "2053"]
[BlackElo "2253"]
[PlyCount "130"]
[EventDate "2013.04.21"]
[EventType "swiss"]
[EventRounds "9"]
[EventCountry "CUB"]
[SourceTitle "CBM 154 Extra"]
[Source "ChessBase"]
[SourceDate "2013.06.25"]
[SourceVersion "2"]
[SourceVersionDate "2013.06.25"]
[SourceQuality "1"]

1. e4 c5 2. Nf3 d6 3. d4 Nf6 4. Nc3 cxd4 5. Qxd4 a6 6. e5 Nc6 7. Qa4 Ng4 8. Bb5 Bd7 9. Bxc6 bxc6 10. Qd4 dxe5 11. Nxe5 Nxe5 12. Qxe5 Qb8 13. Qe2 e6 14. b3 a5 15. a4 Bb4 16. Bb2 Qf4 17. 0-0 0-0 18. Rad1 Bc8 19. Ne4 Ba6 20. c4 Rfd8 21. Rd3 Rxd3 22. Qxd3 Bf8 23. Rd1 Rb8 24. Bc1 Qc7 25. Be3 c5 26. f3 h6 27. Qc3 Qb6 28. Rd3 Bb7 29. Bf4 Rd8 30. Rxd8 Qxd8 31. Qd2 Qb6 32. Qd3 Bxe4 33. fxe4 g5 34. Be5 Bg7 35. Bxg7 Kxg7 36. Qc3+ f6 37. Qd3 Qc7 38. g3 Kf7 39. Qf3 Qd6 40. g4 Qd4+ 41. Kg2 Qd2+ 42. Kg1 Qc1+ 43. Kg2 Qc2+ 44. Kg1 Qc1+ 45. Kg2 Qd2+ 46. Kg1 Ke7 47. Qg3 Qd1+ 48. Kg2 Qe2+ 49. Kg1 Qd1+ 50. Kg2 Qd2+ 51. Kg1 Qd6 52. Qf3 Qd4+ 53. Kg2 Qb2+ 54. Kg1 Kd6 55. Qg3+ Qe5 56. Qe3 Qa1+ 57. Kg2 Qb2+ 58. Kg3 Qc2 59. h3 Qb2 60. Kf3 Qh2 61. Qd3+ Ke7 62. Qd1 Qxh3+ 63. Kf2 Qh2+ 64. Ke3 Qf4+ 65. Kd3 Qd6+ 0-1

[Event "Capablanca Memorial op-B 48th"]
[Site "Havana"]
[Date "2013.04.25"]
[Round "5"]
[White "Oliva Meneses, Juan Carlos"]
[Black "Rodriguez Rodriguez, Javier"]
[Result "0-1"]
[WhiteElo "2053"]
[BlackElo "1942"]
[PlyCount "62"]
[EventDate "2013.04.21"]
[EventType "swiss"]
[EventRounds "9"]
[EventCountry "CUB"]
[SourceTitle "CBM 154 Extra"]
[Source "ChessBase"]
[SourceDate "2013.06.25"]
[SourceVersion "2"]
[SourceVersionDate "2013.06.25"]
[SourceQuality "1"]

1. e4 Nf6 2. e5 Nd5 3. Nc3 Nxc3 4. bxc3 d5 5. d4 e6 6. f4 c5 7. Nf3 Qa5 8. Bd2 Qa4 9. Qb1 c4 10. Be2 Nc6 11. 0-0 b6 12. Ng5 h6 13. Nh3 Bd7 14. Bf3 g6 15. g4 0-0-0 16. f5 gxf5 17. gxf5 Rg8+ 18. Kh1 exf5 19. Nf4 Be6 20. Bh5 Kd7 21. Qd1 Be7 22. Qe2 Qxc2 23. Bxf7 Bxf7 24. e6+ Bxe6 25. Qxe6+ Kc7 26. Nxd5+ Kb8 27. Nxb6 axb6 28. Qxc6 Rd6 29. Bf4 Ka7 30. Bxd6 Bxd6 31. Qd7+ Ka6 0-1

[Event "Capablanca Memorial op-B 48th"]
[Site "Havana"]
[Date "2013.04.21"]
[Round "1"]
[White "Oliva Meneses, Juan Carlos"]
[Black "Torres Larco, Denisse"]
[Result "1-0"]
[WhiteElo "2053"]
[BlackElo "1662"]
[PlyCount "137"]
[EventDate "2013.04.21"]
[EventType "swiss"]
[EventRounds "9"]
[EventCountry "CUB"]
[SourceTitle "CBM 154 Extra"]
[Source "ChessBase"]
[SourceDate "2013.06.25"]
[SourceVersion "2"]
[SourceVersionDate "2013.06.25"]
[SourceQuality "1"]

1. e4 e5 2. Bc4 Nf6 3. Qe2 Nc6 4. Nf3 d6 5. c3 Be6 6. Bb5 a6 7. Ba4 b5 8. Bc2 Be7 9. d3 0-0 10. Nbd2 b4 11. 0-0 Bg4 12. h3 Bh5 13. Rd1 bxc3 14. bxc3 Re8 15. Nf1 d5 16. Ng3 Bg6 17. Nh4 d4 18. Ba4 Qd7 19. cxd4 Nxd4 20. Bxd7 Nxe2+ 21. Nxe2 Nxd7 22. Nxg6 hxg6 23. Be3 Rab8 24. Rdc1 Bd6 25. Rc6 Rb2 26. Kf1 Reb8 27. g3 Rb1+ 28. Rxb1 Rxb1+ 29. Kg2 Rb2 30. Nc3 Rc2 31. Rc4 f5 32. a4 Nb6 33. Bxb6 cxb6 34. Nd5 Rxc4 35. dxc4 Bc5 36. f3 Kf7 37. Kf1 a5 38. Ke2 Ke6 39. g4 f4 40. Kd3 g5 41. Nc7+ Kd7 42. Nd5 Kd6 43. Kc3 Kc6 44. Kb3 Kd6 45. Nc3 Kc6 46. Nb5 Bb4 47. Na7+ Kc5 48. Nc8 Kd4 49. Nxb6 Ke3 50. Nd5+ Kxf3 51. Nxb4 Kxe4 52. Na2 f3 53. Nc3+ Kd4 54. Nd1 e4 55. c5 Kxc5 56. Kc3 e3 57. Nxe3 f2 58. Nf1 Kd5 59. Kd3 Kc5 60. Ke2 Kb4 61. Kxf2 Kxa4 62. Ke3 Kb4 63. Kd3 a4 64. Ne3 Kc5 65. Kc3 g6 66. Nc4 Kb5 67. Ne5 Kc5 68. Nxg6 Kd5 69. h4 1-0